000 00387nam a2200157Ia 4500
008 220216s9999 xx 000 0 und d
100 _aIshikawa K
245 0 _aNovel processing agents for silica-filled rubber
260 _bRubber World
_c1998
300 _a26-29
500 _aSource Year: 1998
700 _aKaidou H
700 _aYatsuyanagi F
856 _uIRRDB
942 _cJS
999 _c64110
_d64110